000
00301 a2200121 4500
000
nam a22 7a 4500
005
20260305112157.0
020
_a
9788177022216
100
_a
Ram Karan Sharma
_9
1123573
245
_a
Sarvansaha (Kavyasangrah)
260
_b
Pratibha Prakashan
_c
2010
942
_c
TEXL
999
_c
1688454
_d
1688454